[Event "2. Bundesliga West 2017/18"]
[Site "OMICRON Electronics"]
[Date "2017.12.03"]
[Round "5"]
[Board "2"]
[White "Frank, Emanuel"]
[Black "Anistratov, Dmitrij"]
[Result "1/2-1/2"]
[WhiteElo "2165"]
[BlackElo "2274"]
[PlyCount "239"]
[EventDate "2017.10.13"]
[EventType "team"]
[EventRounds "11"]
[EventCountry "AUT"]
[WhiteTeam "ASK Salzburg"]
[BlackTeam "Goetzis 2"]

1. d4 d6 2. c4 Nf6 3. Nc3 c6 4. e4 Nbd7 5. Nf3 e5 6. Be2 Be7 7. O-O a6 8. Qc2
O-O 9. Rd1 Qc7 10. Bg5 Re8 11. Rac1 h6 12. Bh4 Nf8 13. c5 exd4 14. cxd6 Bxd6
15. Rxd4 Ng4 16. Bg3 Bxg3 17. hxg3 Qa5 18. Na4 Qh5 19. Nb6 Rb8 20. Nxc8 Rbxc8
21. Nh4 Qe5 22. Rcd1 Nf6 23. f4 Qa5 24. Nf5 Ne6 25. R4d2 Rb8 26. Nd6 Rf8 27.
Kh2 c5 28. e5 Ne8 29. Nf5 N8c7 30. Bc4 Kh8 31. Rd7 b5 32. Bxe6 Nxe6 33. Nd6 Nd4
34. Qxc5 Ne6 35. Qd5 Nd8 36. Nxf7+ Nxf7 37. Rxf7 Rfd8 38. Rd7 Rf8 39. e6 Rbe8
40. e7 Rg8 41. Rd8 Qb4 42. Qd6 Qxd6 43. R1xd6 Rxe7 44. Rxg8+ Kxg8 45. Rxa6 Re2
46. b3 Rb2 47. g4 Kf7 48. Kg3 Ke7 49. Kf3 Rc2 50. Rb6 Rxa2 51. Rxb5 Rb2 52. Rb6
Rc2 53. f5 Rc3+ 54. Kf4 Kf7 55. b4 Rc4+ 56. Kg3 Rc3+ 57. Kh2 Rc4 58. Kh3 Rc3+
59. g3 Rc2 60. b5 Rb2 61. Rb8 Ke7 62. b6 Kf7 63. b7 Rb1 64. Kg2 Rb2+ 65. Kf3
Rb3+ 66. Ke4 Rb4+ 67. Kd5 Rb1 68. Ke4 Rb4+ 69. Kd3 Rb3+ 70. Kc4 Rb1 71. f6 Rb2
72. Kd3 Rb1 73. Ke2 Rb2+ 74. Kf3 Rb3+ 75. Kg2 Rb1 76. Kh2 Rb4 77. Kh3 Rb1 78.
g5 hxg5 79. Kg4 Rb5 80. Kh5 Rb3 81. Kg4 Rb5 82. Kh3 Rb4 83. Kg2 Rb1 84. Kf3 Rb2
85. Ke4 Rb1 86. fxg7 Kxg7 87. Kf5 Rb5+ 88. Kg4 Kh7 89. Kf3 Kg7 90. Ke4 Rb1 91.
Kf5 Rb5+ 92. Ke6 Rb1 93. g4 Rb6+ 94. Kd5 Rb1 95. Kc6 Rc1+ 96. Kd6 Rd1+ 97. Ke6
Rb1 98. Kf5 Rb5+ 99. Ke4 Rb4+ 100. Kd3 Rb1 101. Kd4 Rb2 102. Kc5 Rb1 103. Kd6
Rd1+ 104. Ke6 Rb1 105. Re8 Rxb7 106. Re7+ Rxe7+ 107. Kxe7 Kg6 108. Ke6 Kg7 109.
Kf5 Kh6 110. Kf6 Kh7 111. Kxg5 Kg7 112. Kf5 Kf7 113. g5 Kg7 114. g6 Kg8 115.
Kf6 Kf8 116. Kg5 Kg7 117. Kh5 Kg8 118. Kh6 Kh8 119. g7+ Kg8 120. Kg6  1/2-1/2

[Event "2. Bundesliga West 2017/18"]
[Site "OMICRON Electronics"]
[Date "2017.12.03"]
[Round "5"]
[Board "3"]
[White "De Visser, Leon"]
[Black "Juergens, Klaus"]
[Result "0-1"]
[WhiteElo "2199"]
[BlackElo "2102"]
[PlyCount "148"]
[EventDate "2017.10.13"]
[EventType "team"]
[EventRounds "11"]
[EventCountry "AUT"]
[WhiteTeam "Goetzis 2"]
[BlackTeam "ASK Salzburg"]

1. c4 Nf6 2. g3 g6 3. Bg2 Bg7 4. Nc3 O-O 5. d3 d6 6. Rb1 c5 7. a3 Nc6 8. b4
cxb4 9. axb4 e6 10. Bd2 d5 11. cxd5 exd5 12. Nf3 d4 13. Na4 Nd5 14. O-O Re8 15.
Re1 h6 16. Qc1 Kh7 17. b5 Nce7 18. e4 dxe3 19. fxe3 Bg4 20. e4 Nf6 21. Qa3 g5
22. Be3 Bxf3 23. Bxf3 Ng6 24. Be2 b6 25. Nb2 Qd7 26. Nc4 Rad8 27. Kh1 Ng4 28.
Bxg4 Qxg4 29. Rf1 Rd7 30. Nd2 Rde7 31. Rbe1 h5 32. Nf3 f6 33. Rf2 Bf8 34. Qb2
Bg7 35. Qe2 Ne5 36. Nxe5 Qxe2 37. Rexe2 Rxe5 38. Rd2 Rxb5 39. d4 Rb3 40. Rfe2
Kg6 41. d5 f5 42. Bxb6 Rxb6 43. e5 Bf8 44. d6 Bxd6 45. Rd1 Re7 46. exd6 Rxe2
47. d7 Rb8 48. Rd6+ Kg7 49. d8=Q Rxd8 50. Rxd8 Ra2 51. Rd7+ Kf6 52. Rh7 Kg6 53.
Rc7 g4 54. Rc6+ Kg7 55. Rc7+ Kf6 56. Rh7 Kg6 57. Rh8 Kg5 58. Rg8+ Kf6 59. Rh8
Ke5 60. Rxh5 Ke4 61. Kg1 a5 62. Kf1 a4 63. h3 gxh3 64. Rxh3 Kf3 65. g4+ Kxg4
66. Rc3 a3 67. Rb3 f4 68. Kg1 f3 69. Rb8 Rb2 70. Rg8+ Kf4 71. Rf8+ Ke4 72. Re8+
Kd3 73. Rd8+ Kc2 74. Kf2 a2  0-1

[Event "2. Bundesliga West 2017/18"]
[Site "OMICRON Electronics"]
[Date "2017.12.03"]
[Round "5"]
[Board "4"]
[White "Scheiblmaier, Robert"]
[Black "Mittelberger, Peter"]
[Result "1/2-1/2"]
[WhiteElo "2183"]
[BlackElo "2180"]
[PlyCount "98"]
[EventDate "2017.10.13"]
[EventType "team"]
[EventRounds "11"]
[EventCountry "AUT"]
[WhiteTeam "ASK Salzburg"]
[BlackTeam "Goetzis 2"]

1. d4 g6 2. c4 Bg7 3. Nc3 d6 4. e4 Nc6 5. Be3 e5 6. d5 Nd4 7. Nge2 Nxe2 8. Bxe2
f5 9. exf5 Bxf5 10. g4 Bd7 11. h4 a6 12. Qd2 Qe7 13. O-O-O O-O-O 14. Bg5 Nf6
15. Bxf6 Bxf6 16. Ne4 h6 17. g5 Bg7 18. Kb1 Bf5 19. Bd3 hxg5 20. hxg5 Kb8 21.
Qe3 Qf7 22. Rdg1 Rdf8 23. f3 Bd7 24. Be2 Bf5 25. Bd3 Qe7 26. Kc2 Rh5 27. Rxh5
gxh5 28. Ng3 Bxd3+ 29. Kxd3 Qf7 30. Ke2 h4 31. Ne4 h3 32. Rh1 Rh8 33. Qf2 Qd7
34. b3 c6 35. Qb6 Rc8 36. Kd3 Bf8 37. dxc6 Rxc6 38. Qa5 Be7 39. Qd5 Qf5 40. Ke2
Ka7 41. Qg8 d5 42. Qxd5 Bxg5 43. Qd1 Bf4 44. Qg1+ Kb8 45. Qg4 Qxg4 46. fxg4 h2
47. Kf3 Rc7 48. Ng3 Rd7 49. Nh5 Rd2  1/2-1/2

[Event "2. Bundesliga West 2017/18"]
[Site "OMICRON Electronics"]
[Date "2017.12.03"]
[Round "5"]
[Board "5"]
[White "Kranz, Armin"]
[Black "Wollrab, Richard"]
[Result "1-0"]
[WhiteElo "2052"]
[BlackElo "2179"]
[PlyCount "143"]
[EventDate "2017.10.13"]
[EventType "team"]
[EventRounds "11"]
[EventCountry "AUT"]
[WhiteTeam "Goetzis 2"]
[BlackTeam "ASK Salzburg"]

1. d4 Nf6 2. c4 c5 3. d5 b5 4. Qc2 bxc4 5. e4 d6 6. Bxc4 e5 7. Nc3 Be7 8. Nf3
O-O 9. O-O Bg4 10. Ne1 Nh5 11. Nd3 Bg5 12. f3 Bc8 13. b4 Bxc1 14. Raxc1 cxb4
15. Na4 a5 16. Bb5 Ra7 17. Qf2 Qe7 18. Rc2 Nf6 19. Rfc1 Ba6 20. Bxa6 Nxa6 21.
Qb6 g6 22. Rc6 Rd8 23. Nxe5 Nxd5 24. Qxd8+ Qxd8 25. Rc8 Ra8 26. Rxd8+ Rxd8 27.
Nc6 Nf4 28. Rd1 Rd7 29. Nb6 Rb7 30. Rxd6 Nc5 31. Nxa5 Ra7 32. Nbc4 Ne2+ 33. Kf2
Nc3 34. Rd2 Rd7 35. Rxd7 Nxd7 36. a3 bxa3 37. Nxa3 h5 38. Ke3 Kg7 39. Kd4 Ne2+
40. Ke3 Nc3 41. Nb3 f5 42. exf5 gxf5 43. Nc4 Kf6 44. Nd4 Nd5+ 45. Kf2 h4 46.
Nd6 f4 47. Ne4+ Kg6 48. Ne6 Ne5 49. Ke2 Kf5 50. Nd4+ Kg6 51. Nc5 Ne3 52. Kf2
Nd5 53. Nc2 Kf5 54. Ne1 Nf7 55. Ned3 Ng5 56. h3 Nc3 57. Nb3 Ne6 58. Ndc5 Ng5
59. Nd4+ Ke5 60. Ne2 Nd5 61. Nd3+ Kf5 62. Nd4+ Kf6 63. Ke2 Nc3+ 64. Kd2 Nd5 65.
Ne2 Kf5 66. Ne1 Ne6 67. Kd3 Ng5 68. Nc2 Ne6 69. Ned4+ Nxd4 70. Kxd4 Ne3 71.
Nxe3+ fxe3 72. Kxe3  1-0

[Event "2. Bundesliga West 2017/18"]
[Site "OMICRON Electronics"]
[Date "2017.12.03"]
[Round "5"]
[Board "6"]
[White "Herrmann, Michael"]
[Black "Khachatouri, Saro"]
[Result "1-0"]
[WhiteElo "2079"]
[BlackElo "1923"]
[PlyCount "81"]
[EventDate "2017.10.13"]
[EventType "team"]
[EventRounds "11"]
[EventCountry "AUT"]
[WhiteTeam "ASK Salzburg"]
[BlackTeam "Goetzis 2"]

1. c4 e6 2. b3 d5 3. Bb2 Nf6 4. Nf3 Be7 5. g3 O-O 6. Bg2 c5 7. e3 b6 8. O-O Bb7
9. Qe2 Qc8 10. d3 Rd8 11. Nbd2 Nc6 12. Rad1 a5 13. a4 Qc7 14. Nb1 dxc4 15. dxc4
Rxd1 16. Rxd1 Rd8 17. Nc3 Rxd1+ 18. Qxd1 Qd6 19. Qa1 Nb4 20. Nb5 Qd3 21. Ne5
Qxb3 22. Bxb7 Nc2 23. Qc1 Qxa4 24. Nc6 Bf8 25. Qd1 Qb3 26. Qd8 Nd7 27. Bc3 Qb1+
28. Kg2 Nxe3+ 29. fxe3 Qe4+ 30. Kf2 Qc2+ 31. Ke1 Qc1+ 32. Ke2 Qc2+ 33. Bd2
Qxc4+ 34. Ke1 Qxb5 35. Qxd7 Qb1+ 36. Ke2 Qg1 37. Ne7+ Bxe7 38. Qxe7 Qxh2+ 39.
Kd1 Qh5+ 40. Kc1 h6 41. Be4  1-0

[Event "2. Bundesliga West 2017/18"]
[Site "OMICRON Electronics"]
[Date "2017.12.03"]
[Round "5"]
[Board "1"]
[White "Gaehwiler, Gabriel"]
[Black "Bertagnolli, Alexander"]
[Result "1-0"]
[WhiteElo "2419"]
[BlackElo "2372"]
[PlyCount "81"]
[EventDate "2017.10.13"]
[EventType "team"]
[EventRounds "11"]
[EventCountry "AUT"]
[WhiteTeam "Dornbirn"]
[BlackTeam "Kufstein/Woergl"]

1. e4 c5 2. Nf3 d6 3. d4 cxd4 4. Nxd4 Nf6 5. Nc3 a6 6. Bg5 e6 7. f4 h6 8. Bh4
Be7 9. Qf3 Qa5 10. O-O-O Qh5 11. Bxf6 Qxf3 12. Nxf3 gxf6 13. f5 Nc6 14. Na4 Bd8
15. fxe6 fxe6 16. Rxd6 Ke7 17. Rd1 b5 18. Nc5 Bb6 19. Nd3 Bb7 20. g3 Na5 21.
Nh4 Rhd8 22. Bg2 Nc4 23. e5 Bxg2 24. exf6+ Kxf6 25. Nxg2 e5 26. Rhf1+ Ke6 27.
Rde1 Rac8 28. Rf3 Bd4 29. Ngf4+ Kf5 30. Ne2+ Kg4 31. Nxd4 Rxd4 32. Rf2 e4 33.
Rf4+ Kh3 34. Nf2+ Kxh2 35. Nxe4 Rxe4 36. Rfxe4 Kxg3 37. Rh1 Rc6 38. Reh4 Ne3
39. R1h3+ Kf2 40. Rf4+ Ke2 41. Rh2+  1-0

[Event "2. Bundesliga West 2017/18"]
[Site "OMICRON Electronics"]
[Date "2017.12.03"]
[Round "5"]
[Board "2"]
[White "Koepke, Christian"]
[Black "Drabke, Lorenz"]
[Result "1-0"]
[WhiteElo "2290"]
[BlackElo "2453"]
[PlyCount "27"]
[EventDate "2017.10.13"]
[EventType "team"]
[EventRounds "11"]
[EventCountry "AUT"]
[WhiteTeam "Kufstein/Woergl"]
[BlackTeam "Dornbirn"]

1. e4 c5 2. Nf3 e6 3. d4 cxd4 4. Nxd4 a6 5. Bd3 Nf6 6. O-O d6 7. c4 Bd7 8. Nc3
Nc6 9. Nxc6 Bxc6 10. Qe2 Qa5 11. Nd5 Be7 12. Nxe7 Kxe7 13. f4 Qh5 14. e5  1-0

[Event "2. Bundesliga West 2017/18"]
[Site "OMICRON Electronics"]
[Date "2017.12.03"]
[Round "5"]
[Board "3"]
[White "Novkovic, Milan"]
[Black "Rusche, Johannes"]
[Result "1-0"]
[WhiteElo "2362"]
[BlackElo "2282"]
[PlyCount "71"]
[EventDate "2017.10.13"]
[EventType "team"]
[EventRounds "11"]
[EventCountry "AUT"]
[WhiteTeam "Dornbirn"]
[BlackTeam "Kufstein/Woergl"]

1. Nf3 Nf6 2. c4 e6 3. Nc3 b6 4. d4 Bb7 5. a3 d5 6. cxd5 Nxd5 7. e3 Nd7 8. Bd3
Be7 9. e4 Nxc3 10. bxc3 c5 11. O-O O-O 12. Qe2 Qc7 13. Bd2 c4 14. Bc2 Rfe8 15.
a4 a6 16. Rfb1 Rac8 17. Be3 Bd6 18. e5 Be7 19. Ng5 Bxg5 20. Bxg5 Bd5 21. Qg4
Kh8 22. Re1 f5 23. exf6 Nxf6 24. Qh4 Qf7 25. Re3 Rc7 26. Rh3 h5 27. Bf4 Rb7 28.
Qg5 Be4 29. Bxe4 Nxe4 30. Rxh5+ Kg8 31. Qh4 Qg6 32. Be5 Kf7 33. Re1 Nf6 34.
Bxf6 Qxf6 35. Qe4 Rbb8 36. Re3  1-0

[Event "2. Bundesliga West 2017/18"]
[Site "OMICRON Electronics"]
[Date "2017.12.03"]
[Round "5"]
[Board "4"]
[White "Seresin, Francesco"]
[Black "Szakolczai, Peter"]
[Result "1-0"]
[WhiteElo "2260"]
[BlackElo "2222"]
[PlyCount "51"]
[EventDate "2017.10.13"]
[EventType "team"]
[EventRounds "11"]
[EventCountry "AUT"]
[WhiteTeam "Kufstein/Woergl"]
[BlackTeam "Dornbirn"]

1. d4 Nf6 2. c4 e6 3. Nc3 Bb4 4. Qc2 c5 5. dxc5 O-O 6. Nf3 Bxc5 7. Bg5 Be7 8.
e3 d6 9. Rd1 a6 10. Be2 Nbd7 11. O-O Qc7 12. Nd2 h6 13. Bh4 Re8 14. Bg3 Ne5 15.
Nde4 Nxe4 16. Nxe4 f5 17. Nc3 Rf8 18. Qc1 Bd7 19. e4 Bc6 20. exf5 Rxf5 21. c5
dxc5 22. Bg4 Raf8 23. Bxf5 Rxf5 24. Rfe1 Bd6 25. Qe3 g5 26. Rxd6  1-0

[Event "2. Bundesliga West 2017/18"]
[Site "OMICRON Electronics"]
[Date "2017.12.03"]
[Round "5"]
[Board "5"]
[White "Novkovic, Julia"]
[Black "Prediger, Rupert"]
[Result "0-1"]
[WhiteElo "2111"]
[BlackElo "2225"]
[PlyCount "162"]
[EventDate "2017.10.13"]
[EventType "team"]
[EventRounds "11"]
[EventCountry "AUT"]
[WhiteTeam "Dornbirn"]
[BlackTeam "Kufstein/Woergl"]

1. e4 Nf6 2. e5 Nd5 3. d4 d6 4. c4 Nb6 5. exd6 exd6 6. h3 Be7 7. Nf3 Bf5 8. Nc3
O-O 9. Be2 Bf6 10. Bf4 Re8 11. O-O Nc6 12. Rc1 Be4 13. Nxe4 Rxe4 14. Be3 Qe7
15. Re1 Rxe3 16. fxe3 Qxe3+ 17. Kh1 Nxd4 18. Bd3 Qf2 19. Nxd4 Qxd4 20. Rc2 Nd7
21. Re7 Nf8 22. Re4 Qc5 23. b4 Qxb4 24. c5 Qa3 25. Qg4 Qxd3 26. Rf2 Qb1+ 27.
Kh2 Be5+ 28. g3 g6 29. Rb4 Qd3 30. Rxb7 Ne6 31. Rb3 Qd5 32. Rbf3 Rf8 33. cxd6
Qxd6 34. Qa4 Ng5 35. Rb3 Ne6 36. Qg4 h5 37. Qh4 Nd4 38. Rd3 c5 39. Qe4 Re8 40.
Qb7 Re7 41. Qc8+ Kg7 42. h4 Bxg3+ 43. Rxg3 Ne2 44. Qh3 Qxg3+ 45. Qxg3 Nxg3 46.
Kxg3 Re3+ 47. Kf4 Ra3 48. Rc2 Ra4+ 49. Kg3 Rg4+ 50. Kh3 c4 51. Rc3 Rd4 52. Kg2
Rd2+ 53. Kg1 Rxa2 54. Rxc4 Ra5 55. Kg2 Rf5 56. Rc6 Rf4 57. Kg3 Rg4+ 58. Kh3 a5
59. Ra6 a4 60. Ra7 Rb4 61. Kg3 Rb3+ 62. Kg2 a3 63. Kh2 Rb2+ 64. Kg3 a2 65. Ra6
f6 66. Ra7+ Kf8 67. Kh3 g5 68. Kg3 Ke8 69. Kh3 Kd8 70. hxg5 fxg5 71. Kg3 Kc8
72. Kh3 Kb8 73. Ra5 Kb7 74. Kg3 Kb6 75. Ra8 Kc5 76. Kf3 Kb4 77. Rb8+ Kc3 78.
Ra8 Kc2 79. Ke2 Kb1+ 80. Kd1 a1=Q 81. Ra5 Qa2  0-1

[Event "2. Bundesliga West 2017/18"]
[Site "OMICRON Electronics"]
[Date "2017.12.03"]
[Round "5"]
[Board "6"]
[White "Neuschmied, Siegfried"]
[Black "Erwin-Casero, Daniel"]
[Result "1/2-1/2"]
[WhiteElo "2155"]
[BlackElo "1939"]
[PlyCount "121"]
[EventDate "2017.10.13"]
[EventType "team"]
[EventRounds "11"]
[EventCountry "AUT"]
[WhiteTeam "Kufstein/Woergl"]
[BlackTeam "Dornbirn"]

1. e4 e5 2. Nf3 Nc6 3. Bb5 a6 4. Ba4 Nf6 5. d3 b5 6. Bb3 Be7 7. O-O O-O 8. Re1
d6 9. c3 Nb8 10. a4 Bb7 11. Nbd2 Nbd7 12. Bc2 Re8 13. Nf1 Bf8 14. Ng3 g6 15. h3
Bg7 16. Be3 c5 17. Qc1 b4 18. a5 bxc3 19. bxc3 Bc6 20. Bh6 Nf8 21. Bxg7 Kxg7
22. Bb3 Qd7 23. Nh4 Ne6 24. Bxe6 fxe6 25. Nf3 Rab8 26. Ra3 Rb7 27. d4 Reb8 28.
Ra1 exd4 29. cxd4 Rb5 30. e5 dxe5 31. Nxe5 Qd5 32. Nxc6 Qxc6 33. dxc5 Rxc5 34.
Qe3 e5 35. Qg5 e4 36. Qf4 Rb4 37. Rad1 Rxa5 38. Rd6 Qc3 39. Re3 Qe5 40. Qxe5
Rxe5 41. Rxa6 Nd5 42. Ra5 Rb1+ 43. Kh2 Nxe3 44. Rxe5 Nf1+ 45. Nxf1 Rxf1 46. Kg3
Re1 47. f3 e3 48. Re7+ Kf6 49. Re4 Re2 50. h4 Kf5 51. Kh3 Re1 52. g4+ Kf6 53.
Kg2 Re2+ 54. Kg3 h6 55. f4 Kf7 56. g5 h5 57. Kf3 Rh2 58. Kxe3 Rxh4 59. Ra4 Rh1
60. Ra7+ Ke6 61. Ra4  1/2-1/2

[Event "2. Bundesliga West 2017/18"]
[Site "OMICRON Electronics"]
[Date "2017.12.03"]
[Round "5"]
[Board "1"]
[White "Hertneck, Gerald"]
[Black "Lanka, Zigurds"]
[Result "1-0"]
[WhiteElo "2498"]
[BlackElo "2426"]
[PlyCount "65"]
[EventDate "2017.10.13"]
[EventType "team"]
[EventRounds "11"]
[EventCountry "AUT"]
[WhiteTeam "Sparkasse Neumarkt"]
[BlackTeam "Zillertal"]

1. d4 Nf6 2. Nf3 e6 3. c4 Bb4+ 4. Bd2 c5 5. Bxb4 cxb4 6. g3 O-O 7. Bg2 d6 8. a3
bxa3 9. Rxa3 Nc6 10. O-O e5 11. Nc3 Bg4 12. Qd2 Bxf3 13. Bxf3 Qb6 14. dxe5 dxe5
15. Nd5 Nxd5 16. Bxd5 Rad8 17. Kg2 Kh8 18. e4 f5 19. exf5 Rxf5 20. f3 Nb4 21.
Rd1 h6 22. Qe3 Rf6 23. Qxe5 Rff8 24. Re3 Qc5 25. Re4 b5 26. Rg4 Rd7 27. Rg6
Nxd5 28. Rxd5 Qe7 29. Rxh6+ Kg8 30. Re6 Qf7 31. Rxd7 Qxd7 32. cxb5 Qd3 33. Qe2
 1-0

[Event "2. Bundesliga West 2017/18"]
[Site "OMICRON Electronics"]
[Date "2017.12.03"]
[Round "5"]
[Board "2"]
[White "Hausner, Ivan"]
[Black "Manakov, Ilya"]
[Result "1/2-1/2"]
[WhiteElo "2321"]
[BlackElo "2376"]
[PlyCount "67"]
[EventDate "2017.10.13"]
[EventType "team"]
[EventRounds "11"]
[EventCountry "AUT"]
[WhiteTeam "Zillertal"]
[BlackTeam "Sparkasse Neumarkt"]

1. c4 g6 2. Nc3 Bg7 3. g3 Nf6 4. Bg2 O-O 5. Nf3 d5 6. cxd5 Nxd5 7. O-O Nb6 8.
d3 Nc6 9. Be3 e5 10. Qc1 Re8 11. Bg5 f6 12. Bh6 Be6 13. Bxg7 Kxg7 14. Rd1 Qe7
15. d4 exd4 16. Nxd4 Nxd4 17. Rxd4 c6 18. Qc2 Rad8 19. Rad1 Rxd4 20. Rxd4 Rd8
21. Qd1 Rd7 22. Rxd7 Qxd7 23. Qxd7+ Nxd7 24. Kf1 Kf7 25. Ke1 Ke7 26. Kd2 a5 27.
a3 Ne5 28. Nd1 Bb3 29. Ne3 Nc4+ 30. Nxc4 Bxc4 31. b4 axb4 32. axb4 Kd6 33. e4
b6 34. Kc3  1/2-1/2

[Event "2. Bundesliga West 2017/18"]
[Site "OMICRON Electronics"]
[Date "2017.12.03"]
[Round "5"]
[Board "4"]
[White "Platzgummer, Fabian"]
[Black "Wuppinger, Manfred"]
[Result "1-0"]
[WhiteElo "2343"]
[BlackElo "2066"]
[PlyCount "93"]
[EventDate "2017.10.13"]
[EventType "team"]
[EventRounds "11"]
[EventCountry "AUT"]
[WhiteTeam "Zillertal"]
[BlackTeam "Sparkasse Neumarkt"]

1. Nf3 Nf6 2. c4 c5 3. Nc3 g6 4. d4 cxd4 5. Nxd4 Nc6 6. e4 d6 7. Be2 Bg7 8. Be3
O-O 9. O-O a6 10. Qd2 Bd7 11. f3 Qa5 12. Rfd1 Rac8 13. Nb3 Qd8 14. c5 Be6 15.
cxd6 Bxb3 16. axb3 exd6 17. Qxd6 Qxd6 18. Rxd6 Rfd8 19. Rad1 Rxd6 20. Rxd6 Rd8
21. Rxd8+ Nxd8 22. Kf2 Nc6 23. Ke1 Nd7 24. Kd2 Nd4 25. Bd1 Nc5 26. b4 Nce6 27.
Nd5 Nc6 28. b3 Bf8 29. Kc3 Kg7 30. f4 f6 31. Be2 b5 32. Bg4 Ned8 33. Bc8 Nb8
34. Bd4 Ndc6 35. Bxf6+ Kf7 36. e5 Be7 37. e6+ Kf8 38. Bxe7+ Nxe7 39. Nxe7 Kxe7
40. Bd7 Nxd7 41. exd7 Kxd7 42. Kd4 Kd6 43. g4 h5 44. gxh5 gxh5 45. h4 Ke6 46.
Ke4 Kf6 47. f5  1-0

[Event "2. Bundesliga West 2017/18"]
[Site "OMICRON Electronics"]
[Date "2017.12.03"]
[Round "5"]
[Board "5"]
[White "Egger, Martin"]
[Black "Tabernig, Bernhard"]
[Result "0-1"]
[WhiteElo "2065"]
[BlackElo "2328"]
[PlyCount "113"]
[EventDate "2017.10.13"]
[EventType "team"]
[EventRounds "11"]
[EventCountry "AUT"]
[WhiteTeam "Sparkasse Neumarkt"]
[BlackTeam "Zillertal"]

1. e4 e6 2. d4 d5 3. Nc3 Nf6 4. Bg5 Bb4 5. e5 h6 6. Bd2 Bxc3 7. bxc3 Ne4 8. Qg4
Kf8 9. Bd3 Nxd2 10. Kxd2 c5 11. dxc5 Qc7 12. Nf3 Qxc5 13. Qb4 Nd7 14. a4 g5 15.
Qxc5+ Nxc5 16. Nd4 Bd7 17. a5 Ke7 18. Rhb1 Rac8 19. Rb4 Rc7 20. f3 f6 21. exf6+
Kxf6 22. Nb5 Bxb5 23. Bxb5 e5 24. Bd3 Rhc8 25. Be2 Ne6 26. Ra3 Rd8 27. Rab3 Nc5
28. Ra3 Rd6 29. Rb5 h5 30. Ra1 Rdc6 31. Ra3 h4 32. Rb4 Ne6 33. Rab3 Nd8 34. Bf1
Rc5 35. Rb5 Ke6 36. g3 Rxb5 37. Bxb5 hxg3 38. hxg3 Rc5 39. a6 b6 40. Kd3 Nf7
41. Kd2 Nd6 42. Bf1 e4 43. Ke3 exf3 44. Kxf3 Ne4 45. Bh3+ Ke5 46. Rb4 Rxc3+ 47.
Ke2 Rxc2+ 48. Kd1 Rc3 49. Bd7 Rxg3 50. Ba4 Ra3 51. Kc2 Nc5 52. Bb5 d4 53. Kb2
Ra5 54. Kc2 g4 55. Rb2 g3 56. Bf1 Ra1 57. Bg2  0-1

[Event "2. Bundesliga West 2017/18"]
[Site "OMICRON Electronics"]
[Date "2017.12.03"]
[Round "5"]
[Board "6"]
[White "Schiestl, Josef"]
[Black "Baier, Patrick"]
[Result "1-0"]
[WhiteElo "2125"]
[BlackElo "2024"]
[PlyCount "111"]
[EventDate "2017.10.13"]
[EventType "team"]
[EventRounds "11"]
[EventCountry "AUT"]
[WhiteTeam "Zillertal"]
[BlackTeam "Sparkasse Neumarkt"]

1. e4 e5 2. Bc4 Nc6 3. Nf3 Bc5 4. d3 Nf6 5. Bb3 d6 6. c3 Qe7 7. Nbd2 Bg4 8. h3
Bh5 9. Nf1 O-O-O 10. Ng3 Bg6 11. Qe2 h6 12. Nh4 Bh7 13. Ba4 Nb8 14. Nhf5 Bxf5
15. Nxf5 Qf8 16. O-O g6 17. Ne3 Nbd7 18. b4 Bb6 19. Bb3 Nh5 20. Nd5 Ndf6 21.
Nxb6+ axb6 22. g3 Qe8 23. Qf3 g5 24. Qf5+ Qd7 25. Bxf7 Qxf5 26. exf5 Rdf8 27.
Bb3 Ng7 28. g4 b5 29. a4 bxa4 30. Rxa4 b6 31. f3 Kb7 32. Bd2 Ra8 33. Rfa1 Rxa4
34. Rxa4 b5 35. Ra5 Kb6 36. Be3+ c5 37. c4 bxc4 38. Bxc4 Nd7 39. Ra6+ Kb7 40.
Rxd6 Nb6 41. Bxc5 Nxc4 42. dxc4 Ne8 43. Re6 Nc7 44. Rxe5 Rh7 45. Re7 Rxe7 46.
Bxe7 Kc8 47. b5 Kd7 48. f6 Ke6 49. Kf2 Kf7 50. Ke3 Ke6 51. Kd4 Kd7 52. b6 Na6
53. Kd5 Nb8 54. b7 Na6 55. Bd6 Ke8 56. Ke6  1-0

[Event "2. Bundesliga West 2017/18"]
[Site "OMICRON Electronics"]
[Date "2017.12.03"]
[Round "5"]
[Board "1"]
[White "Riediger, Martin"]
[Black "Fedorovsky, Michael"]
[Result "1/2-1/2"]
[WhiteElo "2288"]
[BlackElo "2478"]
[PlyCount "151"]
[EventDate "2017.10.13"]
[EventType "team"]
[EventRounds "11"]
[EventCountry "AUT"]
[WhiteTeam "Ranshofen"]
[BlackTeam "Jenbach 2"]

1. d4 Nf6 2. Bf4 g6 3. Nc3 d5 4. e3 a6 5. h4 h6 6. Nf3 Bg7 7. Ne5 Be6 8. Bd3 c5
9. dxc5 Nbd7 10. Na4 Nxc5 11. Nxc5 Qa5+ 12. c3 Qxc5 13. Qb3 b6 14. Qc2 Nd7 15.
Nf3 Bg4 16. Nh2 h5 17. f3 Be6 18. Bxg6 Bf6 19. Bd3 Bxh4+ 20. g3 Bf6 21. O-O-O
b5 22. Kb1 Ne5 23. Bxe5 Bxe5 24. f4 Bf6 25. e4 dxe4 26. Bxe4 Rb8 27. f5 Bc8 28.
Qd3 Kf8 29. Ng4 Bb7 30. Nxf6 exf6 31. Bxb7 Rxb7 32. Qf3 Rb8 33. Rxh5 Rg8 34.
Qf4 Re8 35. Rh7 Qe3 36. Qd6+ Qe7 37. Qd4 Qe4+ 38. Qxe4 Rxe4 39. Rd6 Rxg3 40.
Rxf6 Re2 41. Rhxf7+ Ke8 42. Re6+ Rxe6 43. fxe6 Rg6 44. Rd7 Rxe6 45. Rd5 Ke7 46.
a4 bxa4 47. Ka2 Rb6 48. Rd2 Rb3 49. Rd4 Rb6 50. Rxa4 Kd7 51. Rc4 Rb5 52. b3
Ra5+ 53. Kb2 Rb5 54. Ka3 Ra5+ 55. Kb4 Rb5+ 56. Ka4 Re5 57. b4 Rf5 58. Rh4 Kc7
59. c4 Rf1 60. Rh7+ Kc6 61. c5 Ra1+ 62. Kb3 Rb1+ 63. Kc3 Rc1+ 64. Kb2 Rg1 65.
Ra7 Kb5 66. Rb7+ Kc4 67. c6 Rg8 68. Ka3 Rc8 69. Rb6 Kd5 70. Rxa6 Rxc6 71. Ra8
Kd6 72. Ra7 Rc1 73. Rh7 Kc6 74. Rh6+ Kb5 75. Rh5+ Kb6 76. Kb2  1/2-1/2

[Event "2. Bundesliga West 2017/18"]
[Site "OMICRON Electronics"]
[Date "2017.12.03"]
[Round "5"]
[Board "2"]
[White "Binder, Moriz"]
[Black "Knechtel, Roland"]
[Result "0-1"]
[WhiteElo "2218"]
[BlackElo "2245"]
[PlyCount "64"]
[EventDate "2017.10.13"]
[EventType "team"]
[EventRounds "11"]
[EventCountry "AUT"]
[WhiteTeam "Jenbach 2"]
[BlackTeam "Ranshofen"]

1. d4 d5 2. c4 c6 3. Nf3 Nf6 4. Nc3 a6 5. c5 Nbd7 6. Bg5 g6 7. e3 Bg7 8. Be2
O-O 9. O-O h6 10. Bh4 Ne4 11. Nxe4 dxe4 12. Nd2 f5 13. f4 exf3 14. Nxf3 Qe8 15.
Rc1 e5 16. d5 g5 17. dxc6 bxc6 18. Be1 Nf6 19. Bc4+ Kh8 20. b4 Ng4 21. Qb3 f4
22. exf4 gxf4 23. Bc3 Ne3 24. Rfe1 Ra7 25. Bd2 Nxc4 26. Qxc4 Be6 27. Qe2 Bd5
28. Nh4 Bf6 29. Nf5 Qg6 30. Nd6 Rg7 31. Ne4 Bh4 32. Bc3 f3  0-1

[Event "2. Bundesliga West 2017/18"]
[Site "OMICRON Electronics"]
[Date "2017.12.03"]
[Round "5"]
[Board "3"]
[White "Ager, Josef"]
[Black "Hoellrigl, Wilfried"]
[Result "0-1"]
[WhiteElo "2109"]
[BlackElo "2204"]
[PlyCount "104"]
[EventDate "2017.10.13"]
[EventType "team"]
[EventRounds "11"]
[EventCountry "AUT"]
[WhiteTeam "Ranshofen"]
[BlackTeam "Jenbach 2"]

1. Nf3 Nf6 2. c4 g6 3. Nc3 Bg7 4. d4 d6 5. e4 O-O 6. Be2 e5 7. O-O Nc6 8. d5
Ne7 9. Ne1 Nd7 10. Nd3 f5 11. f3 f4 12. Bd2 g5 13. Rc1 Ng6 14. b4 Nf6 15. c5 h5
16. cxd6 cxd6 17. Nb5 Rf7 18. Qc2 Ne8 19. Nf2 Bf8 20. a4 Rg7 21. a5 Nh4 22. h3
a6 23. Na3 Nf6 24. Be1 g4 25. fxg4 hxg4 26. Nxg4 Nxg4 27. Bxg4 Bxg4 28. hxg4
Rxg4 29. Bxh4 Qxh4 30. Rf3 Re8 31. Qf2 Qh7 32. Qe2 Re7 33. Qd3 Reg7 34. Rc2 Rh4
35. Kf2 Rh2 36. Ke1 Rgxg2 37. Rxg2+ Rxg2 38. Kd1 Qh1+ 39. Rf1 Rg1 40. Rxg1+
Qxg1+ 41. Kd2 Qg2+ 42. Kc3 f3 43. Nc2 Qg3 44. Ne3 Qe1+ 45. Kb3 Bh6 46. Nf1 Qe2
47. Qc4 Qxc4+ 48. Kxc4 Bf4 49. Kd3 Kg7 50. Ne3 Bxe3 51. Kxe3 Kg6 52. Kxf3 Kh5
 0-1